Представление документа в формате MARC21

Поле Инд. ПП Название Значение
Тип записи a
Библиографический уровень m
001 Контрольный номер 84598aab-62ea-498b-b0da-28407160da5f
005 Дата корректировки 20210514123041.7
008 Кодируемые данные 001023 d
020 a ISBN 5-7331-0002-8
c Цена, тираж 70.00
040 a Служба первич. каталог. НБ ТвГУ
041 0_ a Код языка текста rus
080 a Индекс УДК 882.09
a Индекс УДК 929Достоевский
084 a Индекс другой классификации/Индекс ББК Ш5(2=411.2)52-4Достоевский Ф.М.1
090 x Авторский знак Л52
a Полочн. индекс Ш5(2=411.2)
245 10 a Заглавие Летопись жизни и творчества Ф. М. Достоевского
n Номер части/ раздела Т. 3
p Название части/ раздела 1875-1881
c Ответственность [Ин-т рус. лит. (Пушкин. Дом) РАН; Сост.: А. В. Архипова и др.; Ред.: Н. Ф. Буданова и Г. М. Фридлендер]
260 0_ a Место издания СПб.
b Издательство Академический Проект
c Дата издания 1999
300 a Объем 614 с.
504 a Библиография Указ. имен, произведений: с.577-612.
583 a Действие Получение впервые 295 10.10.2000
k Исполнитель действия Мегапроект "Пушкинская библиотека"
650 04 a Основная рубрика Достоевский, Федор Михайлович, о нем
650 04 a Основная рубрика Русская литература
x Основная подрубрика История
y Хронологическая подрубрика 19 в.
653 0_ a Ключевые слова Русская литература
a Ключевые слова Достоевский
a Ключевые слова Писатели
a Ключевые слова Русские писатели
a Ключевые слова Персоналии
700 1_ a Другие авторы Архипова А. В.
e Роль лиц сост.
700 1_ a Другие авторы Битюгова Инна Александровна
e Роль лиц сост.
700 1_ a Другие авторы Буданова Нина Федотовна
e Роль лиц сост., ред.
700 1_ a Другие авторы Галаган Г. Я.
e Роль лиц сост.
700 1_ a Другие авторы Тихомиров Б. Н.
e Роль лиц сост.
700 1_ a Другие авторы Якубович И. Д.
e Роль лиц сост.
700 1_ a Другие авторы ФРИДЛЕНДЕР Г. М.
e Роль лиц ред.
852 41 t Порядковый номер экземпляра 1
p Инвентарный номер 725915
863 t 00110987
888 a За счет средств университета /частично/
901 t Тип документа m
930 a Новая/Ретро персоналии
952 p 295.2000 70.00 1 725915
c Вид литературы К рн
954 a Дата поступления на обработку 20001013
999 a Подразделение 2 ч.з.